Online Catalogue and eLibrary

Women, Transition and Change: (Record no. 1664)

MARC details
000 -LEADER
fixed length control field 00592nam a2200181Ia 4500
005 - DATE AND TIME OF LATEST TRANSACTION
control field 20250203004432.0
008 - FIXED-LENGTH DATA ELEMENTS--GENERAL INFORMATION
fixed length control field 240331s9999 xx 000 0 und d
082 ## - DDC Classification
Item Number - Author Mark INS
DDC Edition Number 4005
Class No. 305.4
100 ## - MAIN ENTRY--PERSONAL NAME
Personal name Institute of Agriculture and Women in Development (IAWID)
245 #0 - TITLE STATEMENT
Title Women, Transition and Change:
Remainder of title A study of the impact of conflict and displacement on women in traditional Tamil society
260 ## - PUBLICATION, DISTRIBUTION, ETC.
Place of publication, distribution, etc. Colombo
Name of publisher, distributor, etc. Friedrich-Ebert-Stiftung
Date of publication, distribution, etc. 1995
300 ## - PHYSICAL DESCRIPTION
Extent (e.g. Volumes, Pages etc.) xii, 124 p.,
650 ## - SUBJECT ADDED ENTRY--TOPICAL TERM
Topical term or geographic name entry element Women
650 ## - SUBJECT ADDED ENTRY--TOPICAL TERM
Topical term or geographic name entry element Tamil Society
650 ## - SUBJECT ADDED ENTRY--TOPICAL TERM
Topical term or geographic name entry element Traditional
650 ## - SUBJECT ADDED ENTRY--TOPICAL TERM
Topical term or geographic name entry element Ethnic Confict
942 ## - Koha item type (Biblio)
Koha item type Books in Stacks (Lending)
Holdings
Lost status Damaged status Collection code Home library Current library Shelving location Date acquired Full call number Accession Number Item type
    Lending WERC Library WERC Library Social Science Cupboard 03/31/2024 305.4 WOM 4005 Books in Stacks (Lending)

© WERC Library